=LDR 00000nam 2200000 4500 =001 INLIS000000000039492 =005 20130612145122 =008 ***********************************Ind** =035 ##$$0010-061300000039492 =041 ##$$a Ind =082 ##$$a 153.1 =090 ##$$a 153.1, hAG R =100 ##$$a Scott Hagwood =850 ##$$a NBPNMAT